000 00699nam a2200241 i 4500
001 103832
003 ES-MaACL
005 20250806064054.0
007 t|
008 051118s1972 sp ||||1| spa d
080 _a615.322
100 1 _aMességué, Maurice.
_980678
245 1 0 _aHombres, plantas y salud /
_cpor Maurice Mességué ; [traducción de Juan Moreno].
250 _a1ª ed.
260 _aBarcelona :
_bPlaza & Janés,
_c1972.
300 _a405 p. ;
_c20 cm.
490 1 _aLa vida es río
650 7 _aPlantas medicinales
_2embne
_916118
700 1 _aMoreno, Juan.
_9182367
830 1 _aLa vida es río
_9181855
852 4 _aES-MaACL
_jC-43545
999 _c103832
_d103832